Normal view MARC view
  • Supervisor Dr. Afshan Naseem

Entry Personal Name

Number of records used in: 1

001 - CONTROL NUMBER

  • control field: 73238

003 - CONTROL NUMBER IDENTIFIER

  • control field: NUST

005 - DATE AND TIME OF LATEST TRANSACTION

  • control field: 20210628205004.0

008 - FIXED-LENGTH DATA ELEMENTS

  • fixed length control field: 210628|| aca||aabn | a|a d

040 ## - CATALOGING SOURCE

  • Original cataloging agency: NUST
  • Transcribing agency: NUST

100 ## - HEADING--PERSONAL NAME

  • Personal name: Supervisor Dr. Afshan Naseem

670 ## - SOURCE DATA FOUND

  • Source citation: Work cat.: (NUST): Beenish Khan Khattak 73236, TH-SOF-1812-Green Supplier Selection Model for Textile Industry, 2020
© 2023 Central Library, National University of Sciences and Technology. All Rights Reserved.